Η δραματοποίηση ως μέθοδος διδασκαλίας στο σύγχρονο σχολείο : ένας πρακτικός οδηγός για εκπαιδευτικούς γενικής και ειδικής αγωγής

Αποθηκεύτηκε σε:
Λεπτομέρειες βιβλιογραφικής εγγραφής
Κύριος συγγραφέας: Ζαφειριάδης, Κυριάκος Κ.
Άλλοι συγγραφείς: Δαρβούδης, Αθανάσιος
Μορφή: Βιβλίο
Γλώσσα:Greek
Δημοσίευση: Θεσσαλονίκη : Κυριακίδης, 2010.
Σειρά:Καινοτομίες στην εκπαίδευση ; v.77
Θέματα:
Ετικέτες: Προσθήκη ετικέτας
Δεν υπάρχουν, Καταχωρήστε ετικέτα πρώτοι!

MARC

LEADER 00000cam a2200000 i 4500
001 1/56351
008 140917s2010 gr | ||| |||| ||gre||
020 |a 9789604671786 
035 |l 10119166 
040 |a GR-MY-UA  |b gre  |e aacr 
041 0 |a gre 
082 7 |a 372.66   |2 (23) 
100 1 |a Ζαφειριάδης, Κυριάκος Κ. 
245 1 2 |a Η δραματοποίηση ως μέθοδος διδασκαλίας στο σύγχρονο σχολείο :   |b ένας πρακτικός οδηγός για εκπαιδευτικούς γενικής και ειδικής αγωγής /   |c Κυριάκος Ζαφειριάδης, Αθανάσιος Δαρβούδης.  
260 |a Θεσσαλονίκη :   |b Κυριακίδης,   |c 2010.  
300 |a 311 σ. :   |c 23 εκ.  
490 1 |a (Καινοτομίες στην εκπαίδευση ;   |v  vol.77)  
504 |a Περιλαμβάνει βιβλιογραφικές παραπομπές και ευρετήριο.  
650 0 0 |a Drama  |x Study and teaching. 
650 0 0 |a Drama in education. 
650 0 0 |a Drama  |x Therapeutic use. 
650 0 0 |a Children with mental disabilities. 
700 1 |a Δαρβούδης, Αθανάσιος. 
830 0 |a Καινοτομίες στην εκπαίδευση ;  |v  v.77 
852 |a INST  |b RHODES  |e 20140917  |h 372.66 ΖΑΦ  |p 005400036765  |q 005400036765  |t BK  |y 4  |x 20200323 
901 |a BIBL4-2014-3 
909 |a Ρ  |b 189615 
922 |a 4ΕΛΗ  |b 201405  |c ΤΑΚ/ΠΤΔΕ  |d BEST BOOK HUNTERS 
970 |z 2014/09/17